| 000 | 00569nam a2200181Ia 4500 | ||
|---|---|---|---|
| 003 | GCL | ||
| 008 | 140319s9999 xx 000 0 ara d | ||
| 040 |
_aGCL / _cGCL |
||
| 082 | 0 | 4 |
_aم _b923.2 _bع م |
| 100 | 1 | _aعبدالرحمن الرافعى | |
| 245 | 1 | 0 |
_aمذكراتى 1889 _ 1951 / _cعبدالرحمن الرافعى |
| 300 | _a160 | ||
| 490 |
_a100 قصة _v0 |
||
| 650 | 0 | 4 | _aالسياسيون المصريون |
| 650 | 0 | 4 | _aعبدالرحمن الرافعى |
| 650 | 0 | 4 | _aمصر - تاريخ - العصر الحديث (1805 - 1956 ) |
| 942 |
_2ddc _cBK |
||
| 999 |
_c46397 _d46397 |
||